00282 a2200121 450000100060000000300050000608200170001110000260002824500340005426000430008830000110013150000180014290134NUST a891.4394 HAN aMuhammad Haneef Ramay aBaaz aau aur zinda rahohUrdu aLahorebSang-e-Meel Publicationsc2008 a240 p. aGeneral Books